Compiler Design (Record no. 8173)

MARC details
000 -LEADER
fixed length control field 00372nam a2200157Ia 4500
008 - FIXED-LENGTH DATA ELEMENTS--GENERAL INFORMATION
fixed length control field 221030s9999 xx 000 0 und d
020 ## - INTERNATIONAL STANDARD BOOK NUMBER
ISBN 8170083834
041 ## - LANGUAGE CODE
Language code of text/sound track or separate title
082 ## - DEWEY DECIMAL CLASSIFICATION NUMBER
Classification number 105.23
Item number Kak
100 ## - MAIN ENTRY--AUTHOR NAME
Personal name O. G. Kakde
245 #0 - TITLE STATEMENT
Title Compiler Design
Statement of responsibility, etc by O. G. Kakde
260 ## - PUBLICATION, DISTRIBUTION, ETC. (IMPRINT)
Name of publisher Laxmi Pub.
Place of publication New Delhi
Year of publication 2002
300 ## - PHYSICAL DESCRIPTION
Number of Pages 334
650 ## - SUBJECT ADDED ENTRY--TOPICAL TERM
Topical Term BE Computer
942 ## - ADDED ENTRY ELEMENTS (KOHA)
Koha item type Books
Holdings
Accession Number Cost, normal purchase price Full call number Price effective from Koha item type Withdrawn / writtenoff status Materials specified (bound volume or other part) Damaged status Not for loan Permanent Location Current Location Shelving location Date acquired Lost/ Missing status department
BE 6344 125.00 105.23 Kak 10/30/2022 Books   Print     MIET Library, Jammu MIET Library, Jammu BL-Academic Block C, FL-2, CUP-164, SH-1, R-1 01/20/2003   BE
BE 6345 125.00 105.23 Kak 10/30/2022 Books   Print     MIET Library, Jammu MIET Library, Jammu BL-Academic Block C, FL-2, CUP-164, SH-1, R-1 01/02/2003   BE
BE 6346 125.00 105.23 Kak 10/30/2022 Books   Print     MIET Library, Jammu MIET Library, Jammu BL-Academic Block C, FL-2, CUP-164, SH-1, R-1 01/20/2003   BE
BE 6347 125.00 105.23 Kak 10/30/2022 Books   Print     MIET Library, Jammu MIET Library, Jammu BL-Academic Block2, FL-2, CUP-164, SH-1, R-1 01/20/2003   BE